00589 2200217 4500001002100000005001500021035002000036007000300056008004100059020002200100082001000122084001600132100002200148245008800170250001000258260003800268300002300306650001400329990001500343990001300358INLIS00000000000776720260602084801 a0010-0626000007ta260602 | | ind  a978-602-8394-65-9 a659.2 a659.2 KUS s0 aKustadi Suhandang1 aStudi Dan Penerapan Public Relations: Pedoman Kerja Perusahaan /cKustadi Suhandang aCet 1 aBandung :bNuansa Cendekia,c2021 a248 hlm ;c23,5 cm 4aPemasaran a401.2/2023 a401/2023